1845 1271 1244 1598 1489 1085 1639 1966 1617 1456 1744 1934 1233 1834 1823 1730 1109 1994 1109 1854 1304 1674 1459 1076 1723 1597 1488 1642 1916 1211 1951 1405 1942 1413 1990 1649 1205 1236 1962 1742 1847 1150 1870 1055 1268 1523 1207 1277 1327 1200 1958 1611 1171 1829 1160 1817 1908 1341 1760 1562 1664 1245 1014 1020 1214 1659 1069 1335 1117 1372 1733 1285 1157 1418 1023 1945 1065 1560 1713 1422 1801 1098 1351 1109 1597 1747 1672 1971 1658 1746 1369 1370 1880 1515 1509 1520 1017 1180 1052 BCNSPRNW ULIB Ver.6.0+V

เปลี่ยนเป็นภาษาไทย

Change to English
 แสดงรายละเอียดบรรณานุกรม
  กลับหน้าหลัก

Brief Record : Get Marc (ISO 2709) : E-mail record : QR code < ปิดหน้าต่าง
LEADER : 00000nam 2200000uu 4500
001    13399113497
003     ULIB
008    110627s2552||||th 000 0 tha d
020    9786110600804
090    นว.^bป523ฟ 2552
100 0  ปัญญ์ปรียา
245 00 ฟ้าพราวระยับ/^cปัญญ์ปรียา
250    พิมพ์ครั้งที่ 2
260    กรุงเทพฯ :^bแจ่มใส,^c2552
300    393 หน้า
710 1  แจ่มใส
945    ^p239^l0^i026534
995    ทศพร
999 ^a ใช้งานได้ทุกระบบ
รายการนี้ยังไม่มีแท็ก
คุณยังไม่ได้ล็อกอิน คุณสามารถมีกิจกรรมร่วมกับเว็บไซต์ได้ แต่ต้องล็อกอินก่อน ::
  ล็อกอิน

รายการสื่อสารสนเทศ

ลำดับที่ ประเภท เลขเรียก/บาร์โค้ด สถานที่ สถานะ
1. นวนิยาย
นวนิยาย
นว. ป523ฟ 2552 ฉ.1 
  Barcode: 026534
ห้องสมุดวิทยาเขตสวรรค์ประชารักษ์
►นวนิยาย
บนชั้น
  ขอยืม

รายการใกล้เคียง
    ผู้แต่ง [ปัญญ์ปรียา]

BibComment


ยังไม่เคยถูกคอมเมนท์

คอมเมนท์ทรัพยากรรายการนี้
  คอมเมนท์: ฟ้าพราวระยับ ปัญญ..


 Copyright 2026. Bcnsprnw @Library